00382cam a22001097a 4500008004000000082001800040100001700058245014400075260002400219300001000243650001900253180718b1991 xxu||||| |||| 00| 0 eng d aZ2x54 B469/91 aBhatia, B.M. aFamines in India: a study in some aspects of the economic history of India with special reference to food problem 1860-1890cby B.M. Bhatia aDelhibKonarkc1991 a383p. aFamine - India